[Event "Znojemska rotunda 2004"]
[Site "?"]
[Date "????.??.??"]
[Round "7"]
[White "Markovic, Ivan"]
[Black "Pokorny, Jan"]
[Result "1-0"]
[WhiteElo "2223"]
[BlackElo "1681"]
[PlyCount "79"]

1. e4 e5 2. Nf3 Nc6 3. Bc4 Be7 4. c3 Nf6 5. Qe2 d6 6. O-O O-O 7. d3 h6 8. Re1
Re8 9. Nbd2 Bf8 10. Nf1 Ne7 11. Nh4 Qd7 12. Ng3 Qg4 13. Qxg4 Bxg4 14. d4 g5 15.
dxe5 dxe5 16. Nhf5 Rad8 17. Nxe7+ Rxe7 18. Be3 Be6 19. Bxe6 Rxe6 20. f3 a6 21.
Nf5 Ne8 22. Rad1 Rxd1 23. Rxd1 Nd6 24. Nxd6 Rxd6 25. Rxd6 Bxd6 26. Kf2 Kg7 27.
Ke2 Kf6 28. Kd3 Ke6 29. a4 Kd7 30. c4 c5 31. Bd2 Kc6 32. Ke2 Kd7 33. Kf2 Ke6
34. Ba5 Kd7 35. Kg3 Ke6 36. Kg4 Bf8 37. Kh5 Ke7 38. h4 f6 39. Kg6 gxh4 40. Be1
1-0

[Event "Znojemska rotunda 2004"]
[Site "?"]
[Date "????.??.??"]
[Round "7"]
[White "Urban, Vlastimil"]
[Black "Voborny, David"]
[Result "0-1"]
[WhiteElo "2085"]
[BlackElo "1776"]
[PlyCount "64"]

1. d4 Nf6 2. c4 e5 3. dxe5 Ng4 4. Bf4 Nc6 5. Nf3 Bb4+ 6. Nbd2 Qe7 7. e3 Ngxe5
8. Nxe5 Nxe5 9. a3 Bxd2+ 10. Qxd2 d6 11. Qd4 O-O 12. c5 Bf5 13. cxd6 cxd6 14.
Be2 Rfd8 15. Rd1 Nc6 16. Qd5 Be4 17. Qb3 Bxg2 18. Rg1 Be4 19. Bg5 Qe5 20. Bxd8
Qxh2 21. Kd2 Rxd8 22. Rg4 d5 23. Rf4 Ne5 24. Qxb7 g5 25. Qc7 Re8 26. Rxf7 Bg6
27. Re7 d4 28. Rxe8+ Bxe8 29. Qd8 dxe3+ 30. fxe3 Kf8 31. Rf1+ Nf7 32. Qd6+
Qxd6+ 0-1

[Event "Znojemska rotunda 2004"]
[Site "?"]
[Date "????.??.??"]
[Round "7"]
[White "Holik, Jakub"]
[Black "Bilek, Martin"]
[Result "0-1"]
[WhiteElo "1361"]
[BlackElo "1698"]
[PlyCount "68"]

1. d4 f5 2. c4 Nf6 3. Nf3 b6 4. e3 Bb7 5. Nc3 e6 6. Bd3 Be7 7. O-O O-O 8. Qc2
Qe8 9. e4 Qh5 10. Re1 Ng4 11. d5 Bc5 12. Re2 fxe4 13. Bxe4 Rxf3 14. h3 Rxf2 15.
Rxf2 Bxf2+ 16. Kf1 Ne3+ 17. Bxe3 Bxe3 18. Nb5 Na6 19. Qd3 Bc5 20. dxe6 Rf8+ 21.
Ke1 Qe5 22. Nc3 Bxe4 23. Nxe4 Qxe6 24. Kd2 Bb4+ 25. Kc2 Nc5 26. Nxc5 Bxc5 27.
Rd1 Bd6 28. Qc3 Qg6+ 29. Kb3 Qh5 30. Rd5 Qg6 31. Rd4 Be5 32. Qd2 Bxd4 33. Qxd4
Qg3+ 34. Kb4 Qd6+ 0-1

[Event "Znojemska rotunda 2004"]
[Site "?"]
[Date "????.??.??"]
[Round "7"]
[White "Adam, Petr st."]
[Black "Havel, Vojtech"]
[Result "1-0"]
[WhiteElo "2097"]
[BlackElo "1441"]
[PlyCount "71"]

1. d4 d5 2. c4 e6 3. Nf3 Nf6 4. g3 c6 5. Bg2 Nbd7 6. O-O Bd6 7. b3 O-O 8. Bb2
b6 9. Nbd2 Bb7 10. Ne5 c5 11. e3 Bc7 12. Qc2 Nxe5 13. dxe5 Nd7 14. f4 f6 15.
cxd5 exd5 16. e6 Nb8 17. Rad1 Qe7 18. f5 Rd8 19. Rf2 Nc6 20. Nb1 Ne5 21. Nc3
Bd6 22. Nxd5 Bxd5 23. Rxd5 Rac8 24. Rf4 Qe8 25. Ra4 a5 26. g4 Bc7 27. g5 Rxd5
28. Bxd5 Rd8 29. gxf6 gxf6 30. e7+ Rxd5 31. Qg2+ Kh8 32. Qxd5 Qxe7 33. Bxe5
Bxe5 34. Rg4 Qe8 35. Kg2 Qb8 36. Qf7 1-0

[Event "Znojemska rotunda 2004"]
[Site "?"]
[Date "????.??.??"]
[Round "8"]
[White "Bastyr, Pavel"]
[Black "Holik, Jakub"]
[Result "1-0"]
[WhiteElo "1543"]
[BlackElo "1361"]
[PlyCount "129"]

1. d4 Nf6 2. c4 e6 3. Nc3 d5 4. Bg5 Be7 5. e3 O-O 6. Bd3 Nc6 7. Qc2 Nb4 8. Qe2
Nxd3+ 9. Qxd3 Bd7 10. Nf3 h6 11. Bh4 Bc6 12. Ne5 dxc4 13. Nxc6 cxd3 14. Nxd8
Rfxd8 15. O-O g5 16. Bg3 c5 17. Rfd1 cxd4 18. exd4 Rxd4 19. Be5 Rd7 20. Re1 Nd5
21. Ne4 f5 22. Nd2 Nb4 23. Red1 Rc8 24. Bc3 Nd5 25. Bd4 Nb6 26. Nb3 Nc4 27.
Rac1 Rc6 28. Rc3 Nxb2 29. Rxc6 Nxd1 30. Rc1 Nxf2 31. Kxf2 Bb4 32. Rd1 Rd5 33.
Ke3 e5 34. Bxa7 e4 35. g3 Bd6 36. Bd4 Kf7 37. Rc1 Bb8 38. Rc8 Bd6 39. Rh8 Kg6
40. Rg8+ Kh5 41. Rh8 Be5 42. Bxe5 Rxe5 43. a4 Re6 44. Rf8 Kg6 45. Nd4 Re5 46.
Rb8 Ra5 47. Rxb7 Rc5 48. Rb2 Kf6 49. Ra2 Rc1 50. Kd2 Rh1 51. Ke3 Re1+ 52. Kf2
Rc1 53. Nb3 Rb1 54. Nd2 Rb7 55. a5 Ke5 56. Ke3 h5 57. a6 Ra7 58. Ra5+ Ke6 59.
Nc4 h4 60. Nb6 hxg3 61. hxg3 f4+ 62. gxf4 g4 63. Nc4 g3 64. Rg5 Rxa6 65. Rg6+
1-0

[Event "Znojemska rotunda 2004"]
[Site "?"]
[Date "????.??.??"]
[Round "8"]
[White "Markovic, Ivan"]
[Black "Blazek, Milos"]
[Result "1-0"]
[WhiteElo "2223"]
[BlackElo "2110"]
[PlyCount "71"]

1. e4 e5 2. Nf3 Nc6 3. Bc4 Nf6 4. Ng5 Bc5 5. Bxf7+ Ke7 6. Bd5 Rf8 7. O-O h6 8.
Nf3 d6 9. h3 Qe8 10. Bxc6 bxc6 11. d4 exd4 12. b4 Bb6 13. e5 Ne4 14. exd6+ cxd6
15. Nxd4 Kd7 16. c4 Kc7 17. Be3 Qg6 18. Kh2 Bd7 19. Nd2 Rae8 20. Nxe4 Rxe4 21.
c5 dxc5 22. bxc5 Bxc5 23. Nb5+ cxb5 24. Bxc5 Rf5 25. Rc1 Bc6 26. f3 Ra4 27. Qe2
Qf7 28. a3 Rd5 29. Bb4 a5 30. Be1 Kb7 31. Bg3 Qd7 32. Qe3 Rad4 33. Rf2 Rd2 34.
Rxd2 Rxd2 35. Qf4 Ka6 36. Rxc6+ 1-0

[Event "Znojemska rotunda 2004"]
[Site "?"]
[Date "????.??.??"]
[Round "8"]
[White "Mlensky, Dalibor"]
[Black "Adam, Petr st."]
[Result "1/2-1/2"]
[WhiteElo "2094"]
[BlackElo "2097"]
[PlyCount "110"]

1. e4 g6 2. d4 Bg7 3. Nc3 c6 4. f4 d5 5. e5 h5 6. Nf3 Nh6 7. Be3 Bg4 8. Be2 e6
9. h3 Bxf3 10. Bxf3 h4 11. Bg4 Nd7 12. Qd3 Bf8 13. Bxe6 fxe6 14. Qxg6+ Nf7 15.
f5 exf5 16. e6 Qe7 17. Qxf5 O-O-O 18. Qxf7 Nb6 19. Qxe7 Bxe7 20. O-O-O Rd6 21.
Bf4 Rxe6 22. Rde1 Rxe1+ 23. Rxe1 Kd7 24. Ne2 Rf8 25. b3 Nc8 26. Kb2 Nd6 27. g3
hxg3 28. Bxg3 Ne4 29. Be5 Ng5 30. Ng1 Bb4 31. c3 Be7 32. b4 Rf2+ 33. Kb3 Ne4
34. Re2 Rf1 35. Rg2 Bg5 36. Ne2 Rf3 37. h4 Bd2 38. Kc2 Bxc3 39. Nxc3 Rxc3+ 40.
Kb2 Rh3 41. Rg7+ Ke6 42. Rxb7 Rxh4 43. Rc7 Nd2 44. Rxc6+ Kf5 45. a4 Nc4+ 46.
Rxc4 dxc4 47. Kc3 Rh3+ 48. Kxc4 Ra3 49. Kb5 a6+ 50. Kxa6 Rxa4+ 51. Kb5 Ra2 52.
Kb6 Ke4 53. b5 Rc2 54. Kb7 Kd5 55. b6 Rf2 1/2-1/2

[Event "Znojemska rotunda 2004"]
[Site "?"]
[Date "????.??.??"]
[Round "8"]
[White "Dobes, Oldrich"]
[Black "Jadud, Otto"]
[Result "1-0"]
[WhiteElo "2007"]
[BlackElo "1974"]
[PlyCount "95"]

1. e4 c5 2. Nf3 d6 3. d4 cxd4 4. Nxd4 Nf6 5. Nc3 e5 6. Nf3 Be7 7. Be2 O-O 8.
O-O a6 9. a4 Nc6 10. Bg5 Bg4 11. Bxf6 Bxf6 12. Nd5 Bxf3 13. Bxf3 Bg5 14. c3 Ne7
15. Be2 Nxd5 16. Qxd5 Qb6 17. b4 Rad8 18. a5 Qa7 19. g3 Kh8 20. Kg2 f5 21. exf5
Rxf5 22. Bd3 Rf6 23. Qe4 g6 24. Ra2 Qb8 25. Re2 Bh6 26. h4 Bg7 27. c4 b5 28.
Rb1 Rd7 29. Qd5 Qb7 30. Qxb7 Rxb7 31. cxb5 axb5 32. Be4 Rc7 33. Bd5 Rf8 34. Ra2
Rfc8 35. a6 Ra7 36. Bb7 Rc7 37. Ra5 Rc2 38. Rxb5 Rd2 39. Rc1 h5 40. Rc8+ Kh7
41. Ra8 Rxa8 42. Bxa8 e4 43. Bxe4 Bd4 44. Rb7+ Kh6 45. Rf7 Rb2 46. a7 Bxa7 47.
Rxa7 Rxb4 48. Kf3 1-0

[Event "Znojemska rotunda 2004"]
[Site "?"]
[Date "????.??.??"]
[Round "8"]
[White "Vavrousek, Petr"]
[Black "Skaroupka, Jiri"]
[Result "0-1"]
[WhiteElo "1948"]
[BlackElo "2128"]
[PlyCount "56"]

1. e4 c6 2. Nc3 d5 3. Nf3 Bg4 4. h3 Bh5 5. exd5 cxd5 6. Bb5+ Nc6 7. g4 Bg6 8.
Ne5 Qd6 9. d4 f6 10. Nxg6 hxg6 11. Qd3 O-O-O 12. Bxc6 Qxc6 13. Qxg6 e5 14. Qd3
e4 15. Qb5 Qc7 16. Bd2 a6 17. Qb3 Ne7 18. Na4 Ng6 19. Be3 b5 20. Nc5 Bxc5 21.
dxc5 d4 22. Bd2 e3 23. fxe3 Qg3+ 24. Kf1 Rxh3 25. Qe6+ Kb7 26. Rxh3 Qxh3+ 27.
Kg1 Qg3+ 28. Kf1 Qf3+ 0-1

[Event "Znojemska rotunda 2004"]
[Site "?"]
[Date "????.??.??"]
[Round "8"]
[White "Bilek, Martin"]
[Black "Pokorny, Jan"]
[Result "1-0"]
[WhiteElo "1698"]
[BlackElo "1681"]
[PlyCount "43"]

1. e4 e5 2. Nf3 Nc6 3. Bb5 a6 4. Bxc6 dxc6 5. O-O Bc5 6. Nxe5 Nf6 7. d3 Qe7 8.
Nf3 Bg4 9. Bg5 O-O-O 10. Nbd2 h6 11. Be3 g5 12. Qe1 Bd6 13. Nd4 Qe5 14. N2f3
Bxf3 15. Nxf3 Qxb2 16. Bd4 Bxh2+ 17. Kxh2 Rxd4 18. Rb1 Qxc2 19. Nxd4 Qxd3 20.
Qb4 Qxe4 21. Qxb7+ Kd7 22. Rbd1 1-0

[Event "Znojemska rotunda 2004"]
[Site "?"]
[Date "????.??.??"]
[Round "8"]
[White "Kireev, Aleksei"]
[Black "Dvorak, Libor"]
[Result "1-0"]
[WhiteElo "2357"]
[BlackElo "2026"]
[PlyCount "71"]

1. d4 Nf6 2. Bg5 Ne4 3. Bh4 d5 4. f3 Nd6 5. Nc3 Nf5 6. Bf2 c5 7. dxc5 d4 8. Ne4
e5 9. g4 Nh6 10. e3 f5 11. gxf5 Nxf5 12. exd4 exd4 13. c3 Nc6 14. Bb5 dxc3 15.
Qxd8+ Kxd8 16. O-O-O+ Bd7 17. Nxc3 g6 18. Nge2 Bh6+ 19. Kb1 Re8 20. Ne4 Bg7 21.
N2g3 Kc7 22. Nd6 Nxd6 23. cxd6+ Kc8 24. Ne4 b6 25. Ba6+ Kb8 26. a3 Ne5 27. Rc1
Bc8 28. Bxc8 Rxc8 29. Rxc8+ Kxc8 30. Rc1+ Kd8 31. Bd4 Nd3 32. Bxg7 Nxc1 33.
Kxc1 Kd7 34. Be5 Ke6 35. f4 ({
Mistr nebyl daleko od hrubky, v partiari mel totiz povodne zapsano} 35. Kd2)
35... h6 36. h4 1-0

[Event "Znojemska rotunda 2004"]
[Site "?"]
[Date "????.??.??"]
[Round "8"]
[White "Voborny, David"]
[Black "Malar, Josef"]
[Result "1-0"]
[WhiteElo "1776"]
[BlackElo "1570"]
[PlyCount "85"]

1. d4 Nf6 2. c4 e6 3. Bg5 Bb4+ 4. Nd2 O-O 5. a3 Be7 6. e3 b6 7. Bd3 Bb7 8. Ngf3
c5 9. dxc5 Bxc5 10. Qc2 Be7 11. Bxf6 Bxf6 12. Bxh7+ Kh8 13. Bd3 d5 14. O-O Nd7
15. Rac1 Rc8 16. Qd1 Bg5 17. Nxg5 Qxg5 18. Nf3 Qh6 19. b4 Nf6 20. c5 bxc5 21.
bxc5 Rc7 22. Qa4 Ra8 23. c6 Bc8 24. Qb4 g6 25. e4 Ne8 26. Rfe1 dxe4 27. Qb2+ f6
28. Rxe4 Rh7 29. Rh4 Qg7 30. Rxh7+ Kxh7 31. h4 Kg8 32. Qe2 Nc7 33. Bc4 Qe7 34.
Qd3 Kg7 35. Nd4 e5 36. h5 Qe8 37. Qg3 Rb8 38. Nf3 Bf5 39. Nh4 Be4 40. Nxg6 Bxg6
41. Rd1 Kh6 42. Rd7 Bxh5 43. Qg7# 1-0

[Event "Znojemska rotunda 2004"]
[Site "?"]
[Date "????.??.??"]
[Round "9"]
[White "Havel, Vojtech"]
[Black "Bilek, Martin"]
[Result "1-0"]
[WhiteElo "1441"]
[BlackElo "1698"]
[PlyCount "123"]

1. d4 f5 2. c4 Nf6 3. Nc3 e6 4. g3 Be7 5. Bg2 O-O 6. Nf3 d6 7. O-O Qe8 8. Re1
Nh5 9. e4 f4 10. e5 fxg3 11. hxg3 dxe5 12. Nxe5 c6 13. Ne4 Nd7 14. Nxd7 Bxd7
15. Bf3 Nf6 16. Ng5 Bb4 17. Re3 h6 18. Rb3 Ba5 19. Ne4 Nxe4 20. Bxe4 Qf7 21.
Rf3 Qe7 22. Kg2 Rxf3 23. Qxf3 Rf8 24. Qh5 Bc7 25. Be3 Qf6 26. Qg4 Bc8 27. Qg6
Qxg6 28. Bxg6 a6 29. Rc1 Bd7 30. Rc3 Rf6 31. Be4 g5 32. Rb3 Bc8 33. d5 exd5 34.
cxd5 Kf7 35. Bd4 Rd6 36. Be5 Rd7 37. Bf5 Rxd5 38. Bxc8 Rxe5 39. Bxb7 Rb5 40.
Rxb5 cxb5 41. Bxa6 b4 42. a4 Ke6 43. Kf3 Ke5 44. Kg4 Bd6 45. Be2 Bc5 46. f3 Kf6
47. Kh5 Bf2 48. Kg4 Bc5 49. a5 Bd4 50. b3 Bc5 51. a6 Ba7 52. Kh5 Kg7 53. f4
gxf4 54. gxf4 Be3 55. Kg4 Kf6 56. Kf3 Ba7 57. Ke4 Ke6 58. Kd3 Kd5 59. f5 Bc5
60. Bf3+ Ke5 61. Kc4 Be3 62. Bg4 1-0

[Event "Znojemska rotunda 2004"]
[Site "?"]
[Date "????.??.??"]
[Round "9"]
[White "Skaroupka, Jiri"]
[Black "Markovic, Ivan"]
[Result "1-0"]
[WhiteElo "2128"]
[BlackElo "2223"]
[PlyCount "135"]

1. d4 g6 2. c4 Bg7 3. e4 d6 4. Nc3 Nc6 5. d5 Nd4 6. Nge2 c5 7. Be3 Nxe2 8. Bxe2
f5 9. exf5 Bxc3+ 10. bxc3 Bxf5 11. O-O Qa5 12. Bg4 Bxg4 13. Qxg4 Qc7 14. Rfe1
Qd7 15. Qh4 O-O-O 16. Bg5 Qf5 17. Bxe7 Nxe7 18. Rxe7 g5 19. Qh6 Rhf8 20. f3 Rd7
21. Rae1 Rfd8 22. R7e4 Rf8 23. Qxf8+ Qxf8 24. Re8+ Qxe8 25. Rxe8+ Kc7 26. Rg8
h6 27. Rh8 Rf7 28. Rxh6 Rf4 29. Rg6 Rxc4 30. Rxg5 Rxc3 31. h4 Rc1+ 32. Kf2 b5
33. h5 Rh1 34. Rg7+ Kb6 35. Rd7 b4 36. Rxd6+ Kb5 37. h6 c4 38. g4 b3 39. axb3
cxb3 40. g5 Kc5 41. Rd8 a5 42. d6 a4 43. d7 Kc6 44. Ra8 Kxd7 45. Rxa4 b2 46.
Rb4 Ke6 47. h7 Kf5 48. Rb5+ Kg6 49. Kg3 Rxh7 50. f4 Rc7 51. Rxb2 Kh5 52. Rh2+
Kg6 53. Kg4 Rc1 54. Rh6+ Kg7 55. Ra6 Rc4 56. Re6 Kf7 57. Rf6+ Kg7 58. Rb6 Ra4
59. Rc6 Rb4 60. Rd6 Ra4 61. Kf5 Ra7 62. Ke4 Ra1 63. Ke5 Ra8 64. f5 Ra5+ 65. Ke6
Ra1 66. Rd7+ Kg8 67. f6 Ra8 68. g6 1-0

[Event "Znojemska rotunda 2004"]
[Site "?"]
[Date "????.??.??"]
[Round "9"]
[White "Pokorny, Jan"]
[Black "Urban, Vlastimil"]
[Result "0-1"]
[WhiteElo "1681"]
[BlackElo "2085"]
[PlyCount "62"]

1. e4 e6 2. d4 d5 3. exd5 exd5 4. Bd3 Bd6 5. Nf3 Ne7 6. O-O O-O 7. b3 Bf5 8. c4
Bxd3 9. Qxd3 c6 10. Nc3 Na6 11. Ne2 Rc8 12. Bf4 Ng6 13. Bxd6 Qxd6 14. Ng3 Rcd8
15. c5 Qd7 16. Nf5 Nf4 17. Qb1 g6 18. Ne3 f5 19. Re1 Qg7 20. b4 Nc7 21. a4 a6
22. g3 Nfe6 23. Qd3 23... Rde8 24. Nf1 f4 25. N1d2 Qf6 26. Re2 fxg3 27. fxg3
Nxd4 28. Rxe8 Nxf3+ 29. Kg2 Nxe8 30. Rf1 Ne1+ 31. Rxe1 Qf2+ 0-1

[Event "Znojemska rotunda 2004"]
[Site "?"]
[Date "????.??.??"]
[Round "9"]
[White "Adam, Petr st"]
[Black "Vavrousek, Petr"]
[Result "1/2-1/2"]
[WhiteElo "2097"]
[BlackElo "1948"]
[PlyCount "99"]

1. d4 d5 2. Nf3 Nf6 3. c4 c6 4. e3 e6 5. Qc2 Nbd7 6. Nc3 Bd6 7. g4 Bb4 8. Bd2
Bxc3 9. Bxc3 Ne4 10. Bb4 a5 11. Ba3 b6 12. Bd3 Ba6 13. Bxe4 dxe4 14. Nd2 f5 15.
gxf5 exf5 16. Nxe4 fxe4 17. Qxe4+ Kf7 18. Qxc6 g6 19. b3 Nf6 20. d5 Re8 21. Bb2
Rc8 22. Qxf6+ Qxf6 23. Bxf6 Kxf6 24. a4 Re4 25. Kd2 Rce8 26. Rae1 Rg4 27. Kd3
Bc8 28. e4 Ke5 29. Re2 Rf8 30. Rf1 Rgf4 31. Rc1 Rf3+ 32. Re3 Rxf2 33. c5 Ba6+
34. Kc3 bxc5 35. Rg1 Rxh2 36. Rg5+ Kd6 37. e5+ Kxd5 38. e6+ Kc6 39. e7 Re8 40.
Re6+ Kb7 41. Rd5 Rh3+ 42. Kc2 Rh2+ 43. Kc3 Re2 44. Rd7+ Kc8 45. Rd8+ Rxd8 46.
exd8=Q+ Kxd8 47. Rxa6 Re7 48. Rxa5 Rc7 49. Kc4 Kd7 50. Rxc5 1/2-1/2

[Event "Znojemska rotunda 2004"]
[Site "?"]
[Date "????.??.??"]
[Round "9"]
[White "Dobes, Oldrich"]
[Black "Mlensky, Dalibor"]
[Result "0-1"]
[WhiteElo "2007"]
[BlackElo "2094"]
[PlyCount "50"]

1. e4 d5 2. exd5 Qxd5 3. Nc3 Qa5 4. d4 Nf6 5. Bc4 Bg4 6. f3 Bf5 7. Nge2 e6 8.
O-O h5 9. Ng3 Bg6 10. Bd2 Qb6 11. Bc1 Nbd7 12. Na4 Qa5 13. c3 b5 14. b4 Qxa4
15. Bb3 Qa6 16. f4 h4 17. f5 hxg3 18. fxg6 Rxh2 19. gxf7+ Kxf7 20. Qf3 Re8 21.
d5 Bd6 22. dxe6+ Ke7 23. exd7 Kxd7 24. Rd1 Qb6+ 25. Rd4 Re1+ 0-1

[Event "Znojemska rotunda 2004"]
[Site "?"]
[Date "????.??.??"]
[Round "9"]
[White "Jadud, Otto"]
[Black "Holik, Jakub"]
[Result "1-0"]
[WhiteElo "1974"]
[BlackElo "1361"]
[PlyCount "51"]

1. e4 c5 2. d4 cxd4 3. c3 Nc6 4. cxd4 e5 5. Nf3 f6 6. d5 Nce7 7. d6 Ng6 8. Nc3
a6 9. Be3 Nh6 10. Bc4 ({
Otto si do partiare pripsal otaznik - a ma naprostou pravdu,} 10. Nd5 $1 {
a bylo po partii. Roesner}) 10... Qa5 11. a3 Nf7 12. b4 Qd8 13. Bc5 b6 14. Qd5
Nh6 15. Be3 Nf4 16. Bxf4 exf4 17. Qxa8 Bxd6 18. Bxa6 Bxa6 19. Qxa6 O-O 20. O-O
Be5 21. Nxe5 fxe5 22. f3 Qc7 23. Nd5 Qd8 24. Rfc1 g5 25. Rc8 Qxc8 26. Ne7+ 1-0

[Event "Znojemska rotunda 2004"]
[Site "?"]
[Date "????.??.??"]
[Round "9"]
[White "Dvorak, Libor"]
[Black "Jurica, Peter"]
[Result "1/2-1/2"]
[WhiteElo "2026"]
[BlackElo "2189"]
[PlyCount "1"]

{Opet nemam k dispozici partiar, ale lze predpokladat, ze slo o velmistrovskou
remizu. Roesner} 1. Nf3 1/2-1/2

 si dovolil pridelit nekterym tahum
hodnotici znamenka, musim take dodat odkud cerpam. Klasicka partie
Morphy-konzultanti, Paris 1858. Tuto partii Dejve najdes v kazde slusne
pocitacove databazi a nebo treba i v Male encyklopedii sachu od Veseleho,
Kalendovskeho a Formanka, Olympia 1987. Pro ty, kteri podobnymi zdroji
sachoveho poznani nedisponuji, tuto partii uvadim :} 7... Qe7 8. Nc3 c6 9. Bg5
9... b5 $2 10. Nxb5 $1 10... cxb5 11. Bxb5+ Nbd7 12. O-O-O Rd8 13. Rxd7 $1
13... Rxd7 14. Rd1 Qe6 15. Bxd7+ Nxd7 16. Qb8+ $1 16... Nxb8 17. Rd8#) 8. Bxf7+
Ke7 9. O-O Nxe4 10. Nc3 Nf6 11. Bg5 Qd6 12. Ne4 Qb6 13. Nxc5 Qxc5 14. Qe6+ Kf8
15. Bxf6 Nc6 16. Bh5 1-0

[Event "Znojemska rotunda 2004"]
[Site "?"]
[Date "????.??.??"]
[Round "9"]
[White "Blazek, Milos"]
[Black "Voborny, David"]
[Result "1-0"]
[WhiteElo "2110"]
[BlackElo "1776"]
[PlyCount "31"]

1. e4 d6 2. d4 e5 3. Nf3 3... Bg4 $2 4. dxe5 Bxf3 5. Qxf3 dxe5 6. Bc4 6... Nf6
$2 7. Qb3 $18 7... Bc5 ({Kdyz uz jsem si dovolil pridelit nekterym tahum
hodnotici znamenka, musim take dodat odkud cerpam. Klasicka partie
Morphy-konzultanti, Paris 1858. Tuto partii Dejve najdes v kazde slusne
pocitacove databazi a nebo treba i v Male encyklopedii sachu od Veseleho,
Kalendovskeho a Formanka, Olympia 1987. Pro ty, kteri podobnymi zdroji
sachoveho poznani nedisponuji, tuto partii uvadim :} 7... Qe7 8. Nc3 c6 9. Bg5
9... b5 $2 10. Nxb5 $1 10... cxb5 11. Bxb5+ Nbd7 12. O-O-O Rd8 13. Rxd7 $1
13... Rxd7 14. Rd1 Qe6 15. Bxd7+ Nxd7 16. Qb8+ $1 16... Nxb8 17. Rd8# {
. Roesner}) 8. Bxf7+ Ke7 9. O-O Nxe4 10. Nc3 Nf6 11. Bg5 Qd6 12. Ne4 Qb6 13.
Nxc5 Qxc5 14. Qe6+ Kf8 15. Bxf6 Nc6 16. Bh5 1-0